000
00462nam a2200157Ia 4500
008
090711s9999 xx 000 0 und d
082
_b
70528
100
_a
Sाांदोरकर नीला
245
_a
जीवनदाता
260
_c
1992
600
_a
Sाांदोरकर नीला
630
_a
जीवनदाता
700
_a
Sाांदोरकर नीला
730
_a
जीवनदाता
942
_c
BOOK
999
_c
326597
_d
326597